| 000 | 02250nab a22002897a 4500 | ||
|---|---|---|---|
| 999 |
_c5291 _d5291 |
||
| 003 | OSt | ||
| 005 | 20250217091852.0 | ||
| 008 | 190604e xxu||||| |||| 00| 0 spa d | ||
| 040 | _cPJ | ||
| 100 |
_96346 _aMoltrassio, Sebastián |
||
| 245 | 1 | 0 |
_aLey bases y regularización de empleo sin registrar : _baplicación temporal y reglamentación / _cSebastián Moltrassio. |
| 260 |
_aCiudad Autónoma de Buenos Aires : _bThomson Reuters La Ley, _c2024. |
||
| 300 | _ap. 26-38 | ||
| 500 | _aCita Online: TR LALEY AR/DOC/1951/2024. | ||
| 505 | _aSumario: I. Introducción. El gobierno actual va en sentido contrario al mundo.— II. Análisis del contexto laboral argentino.— III. Texto de la ley 27.742. Capítulo laboral. Principales modificaciones.— IV. Opiniones y críticas a la ley en el capítulo laboral.— V. Breve historia constitucional. El Constitucionalismo social.— VI. Normas constitucionales, de derechos humanos de rango constitucional nacional y provincial y normas de OIT. Colisión con la reforma laboral.— VII. La progresividad de las leyes en la Constitución Nacional.— VIII. El principio de progresividad en los tratados internacionales de Derechos Humanos con rango constitucional.— IX. Convenios de OIT.— X. El principio de progresividad según la Corte Suprema de Justicia.— XI. Violación al principio de progresividad de las leyes.— XII. Análisis de los artículos con la LCT, DNU 70/2023 y ley 27.742.— XIII. Fondo de cese laboral.— XIV. La incorporación del Trabajador Independiente.— XV. La eliminación de las multas por empleo sin registrar.— XVI. Conclusiones. | ||
| 505 | _t¿Te interesa el texto completo? Solicitalo al correo: koha@justierradelfuego.gov.ar | ||
| 650 | 0 |
_91316 _aDERECHO LABORAL |
|
| 650 | 0 |
_91323 _aCONTRATO DE TRABAJO |
|
| 650 | 0 |
_91803 _aRELACIONES LABORALES |
|
| 650 | 0 |
_94428 _aRELACIÓN DE DEPENDENCIA |
|
| 650 | 0 |
_91382 _aINDEMNIZACION |
|
| 650 | 0 |
_94429 _aEMPLEO NO REGISTRADO |
|
| 650 | 0 |
_94925 _aORGANIZACION INTERNACIONAL DEL TRABAJO |
|
| 650 | 0 |
_91576 _aDISCRIMINACION |
|
| 773 | 0 |
_02714 _93171 _dCiudad Autónoma de Buenos Aires : Thomson Reuters La Ley, 2014- _tRevista anales de legislación argentina. Nº 12 - Diciembre 2024. |
|
| 942 |
_2udc _cANA |
||